000 00952nam a22002297a 4500
003 UA-OsUOA
001 48979
007 ta
008 20130910b un ||||| |||| 00| 0 ukr d
090 _a082
_bТ19
942 _cBK
040 _aUA-OsUOA
_bukr
_cUA-OsUOA
_dUA-OsUOA
245 _aТарас Шевченко і кобзарство: Друга міжнародна науково-практична конференція (у рамках Четвертого міжнародного конгресу світового українства), 23-24 серпня 2013 р.
300 _a264 с.
955 _a1
041 _aukr
080 _a082
260 _aЛьвів
_bВидавництво Львівської політехніки
_c2013
650 7 _a08 Видання. Колективні праці
_2UDC
999 _c429096
_d429096